000 00398nam a22001697a 4500
003 OSt
008 210330b ||||| |||| 00| 0 eng d
020 _a9781784398156
082 _a794.815 LEL
100 _aLEE, Joanna
245 _aLearning Unreal Engine Game Development
250 _a1st
260 _aUK
_bPackt Publishing Pvt
_c2016
300 _a249
650 _aARVR
942 _2ddc
_cBK
999 _c10602
_d10602